| 000 | 00880nam a2200277Ia 4500 | ||
|---|---|---|---|
| 003 | OSt | ||
| 005 | 20221005062435.0 | ||
| 006 | a|||||r|||| 00| 0 | ||
| 007 | ta | ||
| 008 | 221004b |||||||| |||| 00| 0 eng d | ||
| 020 |
_a9781786602312 (pbk) _cUKP 29.95 |
||
| 024 | _a64651 | ||
| 037 |
_b4294, 13/12/2019, Govinda Book House _cTextual |
||
| 040 |
_aCRL _cCRL _beng |
||
| 041 |
_2eng _aeng |
||
| 082 | _aR3xM89:g, Q7 | ||
| 100 |
_aCerella Antonio Ed. _9601837 |
||
| 245 | 0 | _aHeidegger and the global age | |
| 260 |
_aLondon _bRowman and Littlefield UK _c2017 |
||
| 300 |
_axiv,321p. _ccm. |
||
| 650 | _a PHILOSOPHERS | ||
| 650 |
_aHEIDEGGER, MARTIN _9580043 |
||
| 700 |
_a Odysseos Louiza Ed. _9601838 |
||
| 942 |
_hR3xM89:g, Q7 _cTEXL _2cc |
||
| 999 |
_c969704 _d969704 |
||